Certezas y controversias : apuntes sobre la divulgación científica /

Guardado en:
Autor Principal: Wolovelsky, Eduardo G.
Otros Autores: Palma, Héctor, Golombek, Diego, Vara, Ana María, Hurtado de Mendoza, Diego
Formato: Libro
Publicado: Buenos Aires : Libros del Rojas. Universidad de Buenos Aires, 2004
Series:Herramientas
Materias:
Etiquetas: Agregar Etiqueta
Sin Etiquetas, Sea el primero en etiquetar este registro!
LEADER 00918nam a22002895a 4500
001 CEM.cems011664
005 20101111100514.0
008 130507s2004##################000#0#####d
003 CEMS
020 |a 9871075294 
082 0 4 |a A864.4 
100 1 |a Wolovelsky, Eduardo G. 
245 1 0 |a Certezas y controversias :  |b apuntes sobre la divulgación científica /  |c Eduardo G. Wolovelsky ... [et Al.] 
260 |a Buenos Aires :  |b Libros del Rojas. Universidad de Buenos Aires,  |c 2004 
300 |a 106 p. 
490 0 |a Herramientas 
653 |a Ciencia 
653 |a Divulgación científica 
653 |a Ensayos 
653 |a Ensayos argentinos 
653 |a Comunicación pública 
653 |a Historia de la ciencia 
700 1 |a Palma, Héctor 
700 1 |a Golombek, Diego 
700 1 |a Vara, Ana María 
700 1 |a Hurtado de Mendoza, Diego 
859 |a CEMS  |b BIB. CEMS - 11 de abril  |h A864.4  |i W838  |p 22626.04  |t Ej.1